Presidentes argentinos por mandato #1 - Estadísticas

Estadísticas generales
  • Esta prueba ha sido intentada 13 veces
  • La puntuación promedio es 14 de 23
Estadísticas de respuestas
Mandato Presidente Días % Correcto
2001 Adolfo Rodríguez Saá 7
100%
2002-2003 Eduardo Duhalde 509
80%
1973 Héctor José Cámpora 49
80%
1981-1982 Leopoldo F. Galtieri 191
80%
1974-1976* María Estela Martínez de Perón 632
80%
1981 Roberto E. Viola 258
80%
1999-2001 Fernando de la Rúa 743
70%
1971-1973 Alejandro A. Lanusse 794
60%
1963-1966 Artiuro Illia 990
60%
1955 Eduardo Lonardi 54
60%
1930-1932 José Félix Uriburu 532
60%
1955-1958 Pedro Eugenio Aramburu 900
60%
1982-1983 Reynaldo Bignone 527
60%
1970-1971 Roberto M. Levingston 278
60%
1944-1946 Edelmiro J. Farrell 815
50%
1892-1895 Luis Sáenz Peña 832
50%
1942-1943 Ramón S. Castillo 342
50%
1973 Raúl Lastiri 91
50%
1890-1892 Carlos Pellegrini 797
40%
1962-1963 José María Guido 562
40%
1943-1944 Pedro P. Ramírez 278
40%
1914-1916 Victorino de la Plaza 794
40%
1904-1906 Manuel Quintana 516
30%
No se encontraron pruebas coincidentes
Distribución de puntuación
Porcentaje de gente con cada puntuación
Porcentaje por número respondido
Historial de tus puntuaciones
No has intentado esta prueba.